00505nam a2200181Ia 4500008004100000020001500041082001700056100001800073245002700091250000600118260002800124300001000152500002400162650001600186942000700202952009700209999001700306230524s9999 xx 000 0 und d a8189757881 a621.381bSHA aSanjay Sharma 0aElectronics Principles a1 aNew DelhibKatsonc2009 a902p; aQuantity Number: 1 aElectronics cBK 00104070aTATCLbTATCLcGENd2023-05-24l0o621.381 SHAp53911r2023-05-24w2023-05-24yBK c56484d56484